[Event "Open"]
[Site "Stare Mesto CZE"]
[Date "2006.08.14"]
[Round "5"]
[White "Balazec,L"]
[Black "Volodin,V"]
[Result "1/2-1/2"]
[WhiteElo "2058"]
[BlackElo "2257"]

1.e4 c5 2.Nc3 Nc6 3.Nge2 e5 4.Nd5 Nf6 5.Nec3 Nxd5 6.Nxd5 Be7 7.Bc4 O-O 8.O-O d6
9.d3 Bg5 10.c3 Kh8 11.Qh5 Bxc1 12.Raxc1 Be6 13.f4 exf4 14.Rxf4 Ne5 15.Rcf1 Ng6
16.R4f2  1/2-1/2

[Event "Acropolis Women's Open"]
[Site "Athens GRE"]
[Date "2006.08.15"]
[Round "3"]
[White "Iordanidou,Z"]
[Black "Nikolaidou,E"]
[Result "1-0"]
[WhiteElo "1968"]
[BlackElo "1897"]

1.e4 c5 2.Nc3 Nc6 3.Bb5 Nd4 4.Bc4 e6 5.Nf3 Nf6 6.O-O a6 7.Re1 b5 8.Bf1 Bb7
9.d3 Be7 10.Be3 Nxf3+ 11.Qxf3 O-O 12.Qg3 Kh8 13.e5 Nd5 14.Nxd5 Bxd5 15.c4 bxc4
16.dxc4 Bc6 17.Bd3 g6 18.Bh6 Rg8 19.Qf4 f5 20.exf6 Bxf6 21.Rad1 Bg7 22.Bxg7+ Rxg7
23.Qe5 Qe7 24.Re3 Rf8 25.Rd2 Kg8 26.Rh3 Qf6 27.Qxc5 Qf4 28.Qe3 Qxe3 29.Rxe3 Rgf7
30.b4 Rb8 31.b5 axb5 32.cxb5 Bb7 33.a4 Ra8 34.Ra2 Ra5 35.g3 Rf8 36.Bc2 Rc8
37.Kf1 Kf7 38.Bd1 Rc1 39.Ke1 Rc4 40.Raa3 Rd4 41.Rad3 Rxd3 42.Rxd3 Ke7 43.f4 Bd5
44.Rc3 Ra8 45.Kd2 Kd8 46.Kc1 d6 47.Kb2 Kd7 48.Ka3 h6 49.Kb4 g5 50.fxg5 hxg5
51.a5 Rh8 52.Rc2 Be4 53.Rf2 Ke7 54.a6 Rc8 55.Bb3 Rc5 56.Rd2 Kd7 57.b6 Kc6
58.Ba4+ Kxb6 59.Rxd6+ Bc6 60.Bxc6 Rxc6  1-0

[Event "Open"]
[Site "Stare Mesto CZE"]
[Date "2006.08.15"]
[Round "6"]
[White "Dauth,B"]
[Black "Freyberg,D"]
[Result "1/2-1/2"]
[WhiteElo "2341"]
[BlackElo "2151"]

1.e4 c5 2.Nc3 Nc6 3.Nge2 Nf6 4.d4 cxd4 5.Nxd4 e5 6.Ndb5 d6 7.Bg5 a6 8.Na3 b5
9.Nd5 Qa5+ 10.Bd2 Qd8 11.Bg5 Qa5+ 12.Bd2 Qd8 13.Bg5 Qa5+  1/2-1/2

[Event "Open"]
[Site "Stare Mesto CZE"]
[Date "2006.08.16"]
[Round "7"]
[White "Skara,V"]
[Black "Volodin,V"]
[Result "0-1"]
[WhiteElo "2083"]
[BlackElo "2257"]

1.e4 c5 2.Nf3 Nc6 3.Nc3 e5 4.Bc4 Be7 5.d3 d6 6.O-O Nf6 7.Ng5 O-O 8.f4 h6
9.h3 exf4 10.Nxf7 Rxf7 11.Bxf4 Na5 12.Bxf7+ Kxf7 13.Bxh6 gxh6 14.Nd5 Kg7
15.Qe1 Nc6 16.Qg3+ Kh7 17.Rf2 Be6 18.Nxe7 Qxe7 19.Raf1 Rg8 20.Qh4 Nd7 21.Qh5 Nde5
22.a3 Qg5 23.Qe2 Rg7 24.Kh1 Qg3 25.Rd1 Qh4 26.b3 Bg4  0-1

[Event "Open"]
[Site "Stare Mesto CZE"]
[Date "2006.08.16"]
[Round "7"]
[White "Vymazal,B"]
[Black "Parligras,C"]
[Result "1/2-1/2"]
[WhiteElo "2305"]
[BlackElo "2232"]

1.e4 c5 2.Nf3 Nc6 3.Nc3 Nf6 4.Bb5 Qc7 5.a4 g6 6.d3 Bg7 7.Bg5 h6 8.Be3 d6
9.h3 e5 10.Bc4 Be6 11.O-O Qd7 12.Nd2 b6 13.Nd5 Ne7 14.Bb5 Nc6 15.Bc4 g5 16.Qf3 Qd8
17.Bb5 Rc8 18.Ba6 Ra8 19.Bc4 Qd7 20.Qd1  1/2-1/2

[Event "Acropolis Women's Open"]
[Site "Athens GRE"]
[Date "2006.08.17"]
[Round "5"]
[White "Krivec,J"]
[Black "Stefanidi,M1"]
[Result "1-0"]
[WhiteElo "2316"]
[BlackElo "2176"]

1.e4 c5 2.Nc3 Nc6 3.Bb5 Nd4 4.Bc4 e6 5.Nf3 Nxf3+ 6.Qxf3 d6 7.d3 Nf6 8.O-O Be7
9.Qg3 d5 10.exd5 exd5 11.Nxd5 Nxd5 12.Qxg7 Bf6 13.Re1+ Be6 14.Rxe6+  1-0

[Event "Independence Cup A"]
[Site "Kyiv UKR"]
[Date "2006.08.17"]
[Round "5"]
[White "Grinev,V"]
[Black "Solomaha,A"]
[Result "1/2-1/2"]
[WhiteElo "2249"]
[BlackElo "2323"]

1.e4 c5 2.Nc3 Nc6 3.Bb5 g6 4.Bxc6 dxc6 5.f4 Bg7 6.Nf3 Nf6 7.d3 O-O 8.Be3 b6
9.h3 Ne8 10.Qd2 Nc7 11.O-O-O Ne6 12.f5 gxf5 13.exf5 Nd4 14.f6 Bxf6 15.Bh6 Bg7
16.Qg5 Ne6 17.Qh5 Bxh6+ 18.Qxh6 Qd6 19.Rde1 Ng7 20.Qh4 f6 21.Rhf1 Bf5 22.g4 Bg6
23.Qh6 f5 24.g5 f4 25.Ne4 Qd5 26.Nc3 Qd6 27.Ne4 Bxe4 28.Rxe4 Nf5  1/2-1/2

[Event "Open"]
[Site "Predeal ROM"]
[Date "2006.08.17"]
[Round "8"]
[White "Manea,A"]
[Black "Gasanov,E"]
[Result "1/2-1/2"]
[WhiteElo "2321"]
[BlackElo "2443"]

1.e4 c5 2.Nf3 Nc6 3.Nc3 d6 4.d4 cxd4 5.Nxd4 Nf6 6.Bg5 e6 7.Qd2 a6 8.O-O-O h6
9.Be3 Qc7 10.f3 Ne5 11.Kb1 Be7 12.g4 b5 13.Bd3 Bb7 14.h4 b4 15.Nce2 d5 16.g5 Nxe4
17.fxe4 dxe4 18.Rhg1 exd3 19.cxd3 hxg5 20.Bxg5 g6 21.Nf4 Qd6 22.Qe3 Rd8 23.Bxe7 Kxe7
24.Ndxe6 fxe6 25.Rg5 Nc6 26.Nxg6+ Kd7 27.Qb6 Qc7 28.Nf8+ Kc8 29.Qxc7+ Kxc7
30.Nxe6+ Kd6 31.Nxd8 Nxd8 32.h5 Ne6 33.Rf5 Rh6 34.Rg1 Nd4 35.Rf4 Ne2 36.Rxb4 Nxg1
37.Rxb7 Kd5 38.Rg7 Nf3 39.Rg6 Rxh5 40.Rxa6 Rh1+ 41.Kc2 Nd4+ 42.Kc3  1/2-1/2

[Event "Acropolis Women's Open"]
[Site "Athens GRE"]
[Date "2006.08.18"]
[Round "6"]
[White "Petraki,M"]
[Black "Smokina,K"]
[Result "0-1"]
[WhiteElo "2094"]
[BlackElo "2215"]

1.e4 c5 2.Nc3 Nc6 3.Bb5 Nd4 4.Bc4 e6 5.Nge2 Nf6 6.O-O a6 7.d3 b5 8.Bb3 Bb7
9.Bg5 Nxb3 10.axb3 Be7 11.Ng3 h6 12.Bd2 d5 13.Qe2 d4 14.Nd1 h5 15.f4 h4 16.Nh1 Qd7
17.Nhf2 O-O-O 18.Nh3 Nh7 19.Ndf2 f5 20.Rae1 Qc6 21.Qf3 Rdg8 22.Ng5 Nxg5 23.fxg5 Bd6
24.Qh3 g6 25.Re2 Kb8 26.c3 dxc3 27.bxc3 Rh5 28.d4 cxd4 29.cxd4 Qb6 30.d5 exd5
31.exf5 Bc8 32.Qf3 Bxf5 33.Be3 d4 34.Bd2 Rf8 35.Qd5 Rd8 36.Qf7 Rhh8 37.Kh1 h3
38.g4 Qc6+  0-1

[Event "Canadian Closed zt"]
[Site "Toronto CAN"]
[Date "2006.08.18"]
[Round "1"]
[White "Tayar,J"]
[Black "Noritsyn,N"]
[Result "1-0"]
[WhiteElo "2214"]
[BlackElo "2354"]

1.e4 c5 2.Nf3 Nc6 3.Nc3 g6 4.d4 cxd4 5.Nxd4 Bg7 6.Be3 Nf6 7.Be2 O-O 8.O-O d6
9.h3 Bd7 10.Qd2 Rc8 11.f4 Na5 12.e5 Ne8 13.Nf3 b6 14.Rad1 Nc4 15.Bxc4 Rxc4
16.b3 Rc8 17.Nd5 e6 18.Nb4 a5 19.Nd3 d5 20.c4 Bc6 21.c5 b5 22.b4 axb4 23.Nxb4 Ba8
24.Rc1 Nc7 25.c6 Re8 26.Bb6 Qe7 27.Kh1 f6 28.Bc5 Qf7 29.Ng5 fxg5 30.fxg5 Qxf1+
31.Rxf1 Bxe5 32.Qf2 Kh8 33.Bd4 Bxd4 34.Qxd4+ Kg8 35.Qe5 Re7 36.h4 Rd8 37.Kh2 Ne8
38.g4 Nd6 39.Nxd5 Rf7 40.Nf6+ Kf8 41.Nxh7+ Ke7 42.Rxf7+ Nxf7 43.Qf6+ Ke8
44.Qxe6+  1-0

[Event "Acropolis Women's Open"]
[Site "Athens GRE"]
[Date "2006.08.19"]
[Round "7"]
[White "Krivec,J"]
[Black "Zawadzka,J"]
[Result "1-0"]
[WhiteElo "2316"]
[BlackElo "2378"]

1.e4 c5 2.Nc3 Nc6 3.Bb5 Nd4 4.Bc4 g6 5.Nf3 Bg7 6.Nxd4 cxd4 7.Qf3 Nh6 8.Ne2 O-O
9.d3 Ng4 10.Qg3 d6 11.Bb3 a5 12.a4 Qb6 13.Nf4 Kh8 14.h3 Ne5 15.O-O e6 16.Ne2 Nd7
17.f4 Nc5 18.Bc4 f5 19.e5 Qc7 20.Nxd4 dxe5 21.Nb5 Qb8 22.Re1 e4 23.Be3 b6
24.Bxc5 bxc5 25.dxe4 e5 26.exf5 exf4 27.Qf3 Bxf5 28.c3 Qd8 29.Rad1 Qh4 30.Nd6 Rab8
31.Nf7+ Rxf7 32.Bxf7 Bc2 33.Ra1 Qf6 34.Re8+ Rxe8 35.Bxe8 c4 36.Bb5 Bd3 37.Re1 Bf8
38.Qc6 Qf5 39.Re8 Kg7 40.Qd7+ Qxd7 41.Bxd7 Bc5+ 42.Kh1 Be3 43.Re5 h5 44.Bc6 Bc1
45.Rxa5 Bxb2 46.Rc5 Bxc3 47.Bd5 Bd4 48.Rc7+ Kf6 49.Bxc4 Be4 50.Be2 Bb6 51.Rc4 Ke5
52.a5 Be3 53.a6 Bd5 54.Ra4 Ba7 55.Bf3 Be6 56.Rb4 Bc8 57.Rc4 Be6 58.Rc7  1-0

[Event "9th Open"]
[Site "Banyoles ESP"]
[Date "2006.08.19"]
[Round "3"]
[White "Ibarra Chami,L"]
[Black "Almeida,O"]
[Result "1/2-1/2"]
[WhiteElo "2223"]
[BlackElo "2475"]

1.e4 c5 2.Nc3 Nc6 3.Bb5 e6 4.Bxc6 bxc6 5.d3 d5 6.f4 Qh4+ 7.g3 Qd8 8.Nf3 Ba6
9.b3 c4 10.dxc4 Bb4 11.Bb2 Nf6 12.a3 Bxc3+ 13.Bxc3 Nxe4 14.Bxg7 Rg8 15.Bd4 c5
16.Be3 d4 17.Bd2 Bb7 18.Qe2 Qf6 19.Qd3 Qf5 20.Rf1 Qh5 21.Qe2 Qf5 22.O-O-O a5
23.a4 h5 24.Rde1 f6 25.Qd3 Ra6 26.Re2 Nd6 27.Nh4 Qxd3 28.cxd3 Kf7 29.Rfe1 Bc8
30.Kc2 Bd7 31.Rb1 Ra7 32.Ree1 Bc6  1/2-1/2

[Event "9th Open"]
[Site "Banyoles ESP"]
[Date "2006.08.19"]
[Round "4"]
[White "Pile,R"]
[Black "Fluvia Poyatos,J"]
[Result "1/2-1/2"]
[WhiteElo "2300"]
[BlackElo "2467"]

1.e4 c5 2.Nf3 Nc6 3.Nc3 Nf6 4.Bb5 Qc7 5.O-O Nd4 6.a4 a6 7.Bc4 d6 8.h3 e5
9.d3 h6 10.Nh2 g5 11.Ng4 Bxg4 12.hxg4 Rb8 13.Be3 b5 14.axb5 axb5 15.Nd5 Nxd5
16.Bxd5 Be7 17.c3 Ne6 18.g3 Qd7 19.Ra6 O-O 20.Qe2 Bd8 21.Kg2 Kg7 22.Qf3 Bb6
23.Qf5 Qe7 24.Ra2 Nc7  1/2-1/2

[Event "Petrovskaja Ladja S"]
[Site "Peterhof RUS"]
[Date "2006.08.19"]
[Round "10"]
[White "Lintchevski,D"]
[Black "Kim,Alex"]
[Result "1/2-1/2"]
[WhiteElo "2429"]
[BlackElo "2454"]

1.e4 c5 2.Nf3 Nc6 3.Nc3 d6 4.d4 cxd4 5.Nxd4 Nf6 6.Bg5 e6 7.Qd2 Qb6 8.O-O-O Nxd4
9.Qxd4 Qxd4 10.Rxd4 a6 11.f3  1/2-1/2

[Event "Open"]
[Site "Stare Mesto CZE"]
[Date "2006.08.19"]
[Round "10"]
[White "Omelka,R"]
[Black "Havranek,Mir"]
[Result "1/2-1/2"]
[WhiteElo "2110"]
[BlackElo "2232"]

1.e4 c5 2.Nf3 Nc6 3.Nc3 e5 4.Bb5 d6 5.Bxc6+ bxc6 6.h3 Nf6 7.O-O Be7 8.d3 O-O
9.Nh2 d5 10.Qe1 dxe4 11.Nxe4 Nd5 12.Kh1 f5 13.Nc3 Bf6 14.Bd2 Re8 15.Rb1 Ba6
16.Rg1 c4 17.dxc4 Bxc4 18.b3 Ba6 19.Na4 Qe7 20.c4 Nc7 21.Bb4 Qf7 22.Nc5 Bc8
23.Rd1 Ne6 24.Nxe6 Bxe6 25.Nf3 e4 26.Nd4 Bd7 27.Qd2 a5 28.Bxa5 Bxd4 29.Qxd4 Rxa5
30.Qxd7 Qxd7 31.Rxd7 Rxa2 32.Rgd1 Re6 33.Kg1 f4 34.R1d6 Ra1+ 35.Rd1 Ra3 36.Rb7 h5
37.Rdd7 Ra1+ 38.Kh2 Rg6 39.Rd8+ Kh7 40.Rbb8 Rf6 41.Re8 Rf1 42.Rxe4 Rxf2 43.Kg1 Rb2
44.h4 Rg6 45.Rxf4 Rgxg2+ 46.Kf1 Rgc2 47.Kg1 Rc1+ 48.Rf1 Rc3 49.Rf4 Kg6 50.Rc8  1/2-1/2

[Event "Lichtenberger Sommer"]
[Site "Berlin GER"]
[Date "2006.08.21"]
[Round "3"]
[White "Prudlo,S"]
[Black "Jaeger,A"]
[Result "1-0"]
[WhiteElo "2242"]
[BlackElo "2120"]

1.e4 c5 2.Nc3 Nc6 3.Nge2 Nf6 4.g3 b5 5.Bg2 b4 6.Nd5 e6 7.Ne3 d5 8.exd5 exd5
9.Nf4 Be6 10.c4 Ne7 11.O-O g5 12.Nfxd5 Nexd5 13.cxd5 Nxd5 14.Nxd5 Bxd5 15.Re1+ Be7
16.Bxd5 Qxd5 17.Qe2 Qd7 18.d4 Kf8 19.dxc5 Re8 20.Be3 Kg7 21.Qc4 Qh3 22.Bd4+ f6
23.Qxb4 h5 24.Qc3 Qf5 25.Re3 h4 26.Rae1 hxg3 27.fxg3 Rxh2 28.Rxe7+ Kg6 29.Kxh2 Rh8+
30.Kg1 Qd5 31.Qc2+  1-0

[Event "XXVI Open A"]
[Site "Bratto ITA"]
[Date "2006.08.21"]
[Round "3"]
[White "Rosin,F"]
[Black "Salvador,R"]
[Result "0-1"]
[WhiteElo "2135"]
[BlackElo "2420"]

1.e4 c5 2.Nf3 Nc6 3.Nc3 Nf6 4.d4 cxd4 5.Nxd4 e5 6.Ndb5 d6 7.Bg5 a6 8.Na3 b5
9.Nd5 Be7 10.Bxf6 Bxf6 11.c3 O-O 12.Nc2 Bg5 13.a4 bxa4 14.Rxa4 Bb7 15.Bc4 Na5
16.Be2 Bc6 17.Rb4 Nb7 18.O-O Nc5 19.g3 a5 20.Rc4 Bb5 21.Rxc5 Bxe2 22.Qxe2 dxc5
23.h4 Bh6 24.Na3 f5 25.Nc4 f4 26.Qg4 fxg3 27.fxg3 Rxf1+ 28.Kxf1 Qf8+ 29.Kg2 Rb8
30.Kg1 Kh8 31.Qh5 a4 32.Nxe5 a3 33.bxa3 Rb1+ 34.Kh2 Qf2+ 35.Kh3 Rh1+ 36.Kg4 Qe2+
37.Nf3 Qxe4+ 38.Nf4 Bxf4 39.gxf4 Rg1+ 40.Kh3 Qe2  0-1

[Event "3rd Dato Arthur Tan"]
[Site "Kuala Lumpur MAS"]
[Date "2006.08.21"]
[Round "2"]
[White "Yu Shaoteng"]
[Black "So,W"]
[Result "1/2-1/2"]
[WhiteElo "2542"]
[BlackElo "2330"]

1.e4 c5 2.Nc3 Nc6 3.Bb5 Nd4 4.Bc4 e6 5.Nge2 Nf6 6.O-O a6 7.a4 d5 8.exd5 exd5
9.Ba2 Nxe2+ 10.Qxe2+ Be7 11.d3 Be6 12.Bg5 O-O 13.h3 Qd7 14.Qf3 Rad8 15.a5 Kh8
16.Ne2 Ng8 17.Be3 d4 18.Bd2 Bxa2 19.Rxa2 Nf6 20.Ng3 Qd5 21.Qxd5 Nxd5 22.Re1 Rfe8
23.Kf1 Kg8 24.Raa1 g6 25.Re5 f5 26.Ne2 Bf8 27.Rxe8 Rxe8 28.Ng1 Bd6 29.Nf3 Bf4
30.Bxf4 Nxf4 31.Ra4 Rc8 32.Rc4 Rc6 33.b4 cxb4 34.Rxc6 bxc6 35.Nxd4 c5 36.Nc6 Ne6
37.Nb8 Nc7 38.Ke2 Kf7 39.d4 Ke6 40.dxc5 Kd5 41.c6 Kc4 42.Kd2 Kb5 43.Kd3 Ne6
44.g3 Kxa5 45.Kc4 Kb6 46.Kxb4 a5+ 47.Kc4 Kc7 48.Nd7 Kxc6 49.Nf6 Ng5 50.h4 Ne4
51.Nxh7 Nxf2 52.Nf8 Ne4  1/2-1/2

[Event "3rd Dato Arthur Tan"]
[Site "Kuala Lumpur MAS"]
[Date "2006.08.21"]
[Round "2"]
[White "Mariano,N1"]
[Black "Sumant,S"]
[Result "1-0"]
[WhiteElo "2437"]
[BlackElo "2013"]

1.e4 c5 2.Ne2 Nc6 3.Nbc3 e5 4.Nd5 g6 5.Nec3 a6 6.a4 Bg7 7.Bc4 d6 8.d3 h6
9.Be3 Be6 10.O-O Nge7 11.Qd2 Nd4 12.Nxe7 Bxc4 13.Nxg6 fxg6 14.dxc4 g5 15.Rad1 Qd7
16.Nd5 Rd8 17.c3 Ne6 18.h4 Nf4 19.Bxf4 gxf4 20.Qe2 O-O 21.Qh5 Kh7 22.b3 Bh8
23.g4 f3 24.Kh2 Qe8 25.Qxe8 Rdxe8 26.Ne3  1-0

[Event "Canadian Closed zt"]
[Site "Toronto CAN"]
[Date "2006.08.21"]
[Round "4"]
[White "Thavandiran,S"]
[Black "Lawson,E"]
[Result "0-1"]
[WhiteElo "2264"]
[BlackElo "2393"]

1.e4 c5 2.Nf3 Nc6 3.Nc3 d6 4.d4 cxd4 5.Nxd4 Nf6 6.Bg5 Bd7 7.Qd2 Rc8 8.O-O-O Nxd4
9.Qxd4 Qa5 10.f4 Rxc3 11.bxc3 e5 12.Qc4 Ng4 13.Qb3 h6 14.Bh4 g5 15.fxg5 hxg5
16.Be1 Ne3 17.Bc4 Nxc4 18.Qxc4 Be6 19.Qb4 Qxb4 20.cxb4 Bxa2 21.Rd3 Bc4 22.Rc3 Bb5
23.Bg3 Bc6 24.Re1 Kd7 25.Rd3 Ke6 26.c4 a6 27.Kb2 Be7 28.Rb3 Rc8 29.Bf2 f5
30.exf5+ Kxf5 31.Rg1 b5 32.Rc3 bxc4 33.Rxc4 d5 34.Rc2 Bd7 35.Rxc8 Bxc8 36.Rc1 Bd7
37.Bc5 Bf6 38.Rf1+ Ke6 39.Kc3 d4+ 40.Kd2 Bb5 41.Rf2 Bg7 42.Bf8 Bh8 43.Bh6 Bf6
44.Rxf6+ Kxf6 45.g3 g4 46.Bf8 e4 47.Bc5 e3+ 48.Kc1 Ke5 49.Ba7 Ke4 50.Bb6 d3  0-1

[Event "XXVI Open A"]
[Site "Bratto ITA"]
[Date "2006.08.22"]
[Round "4"]
[White "Mogranzini,R"]
[Black "Voltolini,G"]
[Result "1-0"]
[WhiteElo "2352"]
[BlackElo "2216"]

1.e4 c5 2.Nc3 Nc6 3.Bb5 d6 4.Bxc6+ bxc6 5.d3 g6 6.f4 Bg7 7.Nf3 Nf6 8.O-O O-O
9.Qe1 Ne8 10.Rb1 f5 11.e5 Nc7 12.b3 Ne6 13.Ne2 Re8 14.Bb2 Bd7 15.Qd2 Qb6
16.Kh1 Qb4 17.Bc3 Qb6 18.Rbe1 Qd8 19.Rd1 h6 20.Rfe1 d5 21.Bb2 a5 22.Nc3 Qb8
23.Na4 Qb4 24.g3 Qxd2 25.Nxd2 g5 26.Rf1 gxf4 27.gxf4 Reb8 28.Ba3 Rb4 29.Bxb4 axb4
30.Rf2 Be8 31.Nf1 Ra5 32.Ne3 Nd4 33.Rg1 Bh5 34.h3 e6 35.Ra1 Bf8 36.Nf1 Ra6
37.Ng3 Be8 38.Rc1 c4 39.Ne2 Nxe2 40.Rxe2 c3 41.d4 Kh7 42.Ra1 Bh5 43.Re3 Be7
44.a3 bxa3 45.Rxc3 Bb4 46.Rd3 Be7 47.Nc5 Bxc5 48.dxc5 a2 49.Kg2 Ra5 50.Kf2 Kg7
51.Rd4 Rxc5 52.Rxa2 Rb5 53.Ra7+ Kf8 54.Rda4  1-0

[Event "3rd Dato Arthur Tan"]
[Site "Kuala Lumpur MAS"]
[Date "2006.08.22"]
[Round "4"]
[White "Mariano,N1"]
[Black "Nguyen Duc Hoa"]
[Result "0-1"]
[WhiteElo "2437"]
[BlackElo "2258"]

1.e4 c5 2.Ne2 Nc6 3.Nbc3 g6 4.d4 cxd4 5.Nxd4 Bg7 6.Be3 Nf6 7.Bc4 Qa5 8.f3 Qb4
9.Bb3 Nxe4 10.Nxc6 Bxc3+ 11.bxc3 Qxc3+ 12.Ke2 dxc6 13.Bd4 e5 14.Be3 b6 15.Qd3 Qxd3+
16.cxd3 Nd6 17.d4 exd4 18.Bxd4 O-O 19.Rad1 Nb5 20.Bf6 Re8+ 21.Kf2 Be6 22.h4 Bxb3
23.axb3 Re6 24.Ba1 Rd6 25.Rxd6 Nxd6 26.Be5 Rd8 27.h5 a5 28.g4 Rd7 29.Re1 gxh5
30.gxh5 Kf8 31.Bf4 Kg7 32.Kg2 Kf6 33.Kh3 Nb5 34.Kg4 Rd4 35.Kg3 Rd5 36.Re8 Nd4
37.Bc7 Rb5 38.Bd8+ Kg7 39.Kg4 Ne6 40.Bh4 Rb4+  0-1

[Event "6th Open"]
[Site "Velika Gorica CRO"]
[Date "2006.08.22"]
[Round "5"]
[White "Doric,N"]
[Black "Sribar,P"]
[Result "1-0"]
[WhiteElo "2310"]
[BlackElo "2182"]

1.e4 c5 2.Nc3 Nc6 3.Bb5 g6 4.Bxc6 dxc6 5.d3 Bg7 6.Be3 b6 7.Qd2 Nf6 8.Bh6 Bxh6
9.Qxh6 Ng4 10.Qd2 e5 11.h3 Nf6 12.Nge2 Be6 13.b3 Qe7 14.f4 Nd7 15.O-O O-O-O
16.Nd1 f6 17.Ne3 exf4 18.Nxf4 Ne5 19.Qf2 Rhf8 20.Qg3 Kb7 21.Rf2 Bc8 22.Ne2 h5
23.Nc4 g5 24.Nxe5 fxe5 25.Raf1 h4 26.Rxf8 Rxf8 27.Qe3 g4 28.Rxf8 Qxf8 29.hxg4 Bxg4
30.Nc3 Qf4 31.Qxf4 exf4 32.Kf2 b5 33.Ne2 b4 34.Nxf4 Bd1 35.Ke1 Bxc2 36.Kd2 Bb1
37.Kc1 Bxa2 38.Kb2 Bxb3 39.Kxb3 Kb6 40.e5  1-0

[Event "81st ch-FRA w"]
[Site "Besancon BRA"]
[Date "2006.08.23"]
[Round "9"]
[White "Leconte,M"]
[Black "Guichard,P"]
[Result "1/2-1/2"]
[WhiteElo "2304"]
[BlackElo "2227"]

1.e4 c5 2.Nc3 Nc6 3.Bb5 Nd4 4.Bc4 e6 5.Nf3 Ne7 6.O-O Nec6 7.d3 Be7 8.a3 O-O
9.Ba2 b6 10.Nxd4 Nxd4 11.Be3 Bb7 12.Qd2 a6 13.f4 d5 14.f5 dxe4 15.fxe6 Nxe6
16.Nxe4 Bxe4 17.dxe4 Qxd2 18.Bxd2 Bf6 19.c3 Rad8 20.Rad1 Rd7 21.Kf2 Rfd8
22.Ke2 Nc7 23.Bf4 Rxd1 24.Rxd1 Rxd1 25.Kxd1 Bd8 26.a4 b5  1/2-1/2

[Event "Open"]
[Site "Brasschaat BEL"]
[Date "2006.08.23"]
[Round "5"]
[White "Peleman,T"]
[Black "Allaert,D"]
[Result "0-1"]
[WhiteElo "2074"]
[BlackElo "1991"]

1.e4 c5 2.Nf3 Nc6 3.Nc3 Nf6 4.d4 cxd4 5.Nxd4 e5 6.Nde2 Bc5 7.Ng3 O-O 8.Bc4 d6
9.O-O Ng4 10.h3 Qh4 11.Nh1 Nf6 12.Qf3 Nd4 13.Qd3 g5 14.Bb3 Nh5 15.Nd5 g4
16.Kh2 Nf3+ 17.gxf3 Qxh3+ 18.Kg1 gxf3  0-1

[Event "3rd Dato Arthur Tan"]
[Site "Kuala Lumpur MAS"]
[Date "2006.08.23"]
[Round "5"]
[White "Akshayraj,K"]
[Black "Paragua,M"]
[Result "1/2-1/2"]
[WhiteElo "2395"]
[BlackElo "2604"]

1.e4 c5 2.Nc3 Nc6 3.Nge2 g6 4.d4 cxd4 5.Nxd4 Bg7 6.Be3 Nf6 7.Be2 O-O 8.O-O d6
9.Qd2 Ng4 10.Bxg4 Bxg4 11.f3 Bd7 12.Rac1 Qa5 13.Nb3 Qb4 14.Qf2 Bxc3 15.bxc3 Qxc3
16.Rfd1 f5 17.exf5 Rxf5 18.Nd4 Nxd4 19.Bxd4 Qc4 20.Qe3 Qe6 21.Qh6 Qf7 22.c4 b6
23.Re1 Rc8 24.Qd2 Bc6 25.Re3 e5 26.Bb2 Qe6 27.Rd3 Rd8 28.a4 Rd7 29.a5 Rf4
30.axb6 axb6 31.Rdc3 g5 32.h3 h5 33.Re1 Qf6 34.Rb3 g4 35.fxg4 Rf7 36.gxh5 Rf1+
37.Rxf1 Qxf1+ 38.Kh2 Rg7 39.Rg3 Rxg3 40.Kxg3 Bxg2  1/2-1/2

[Event "3rd Dato Arthur Tan"]
[Site "Kuala Lumpur MAS"]
[Date "2006.08.23"]
[Round "6"]
[White "Mariano,N1"]
[Black "Nguyen Thi Thanh An"]
[Result "1/2-1/2"]
[WhiteElo "2437"]
[BlackElo "2312"]

1.e4 c5 2.Ne2 Nc6 3.Nbc3 d6 4.g3 g6 5.Bg2 Bg7 6.O-O e6 7.d3 Nge7 8.Bg5 Nd4
9.Qd2 O-O 10.Rab1 Rb8 11.Nd1 b6 12.f3 Nxe2+ 13.Qxe2 h6 14.Be3 f5 15.Qd2 Kh7
16.d4 d5 17.exf5 Nxf5 18.c3 e5 19.dxe5 d4 20.cxd4 Nxe3  1/2-1/2

[Event "VII Open"]
[Site "Tarragona ESP"]
[Date "2006.08.23"]
[Round "5"]
[White "Carlsson,P"]
[Black "Kogan,Ar"]
[Result "1-0"]
[WhiteElo "2453"]
[BlackElo "2567"]

1.e4 c5 2.Nf3 Nc6 3.Nc3 d6 4.d4 cxd4 5.Nxd4 Nf6 6.Bg5 Qb6 7.Be3 a6 8.a3 Qc7
9.Be2 e6 10.O-O Be7 11.f4 O-O 12.Qe1 Bd7 13.Qg3 Rfe8 14.Nf3 Bf8 15.Rad1 Ne7
16.Bd3 Ng6 17.e5 dxe5 18.fxe5 Bc5 19.Bxc5 Qxc5+ 20.Kh1 Nd5 21.Nxd5 exd5 22.Ng5 Re7
23.Nxh7 Nxe5 24.Nf6+ Kf8 25.Nh7+ Kg8 26.Nf6+ Kf8 27.Qxe5 Bg4 28.Qxd5 Qxd5
29.Nxd5 Re5 30.Nb6 Rae8 31.h3 Rh5 32.Rde1 Rd8 33.Kg1 Bxh3 34.gxh3 Rxh3 35.Bc4 f6
36.Rd1 Rg3+ 37.Kf2 Rf3+  1-0

[Event "Canadian Closed zt"]
[Site "Toronto CAN"]
[Date "2006.08.23"]
[Round "6"]
[White "Milicevic,G"]
[Black "Lawson,E"]
[Result "1/2-1/2"]
[WhiteElo "2305"]
[BlackElo "2393"]

1.e4 c5 2.Nf3 Nc6 3.Nc3 e5 4.Bc4 d6 5.d3 Be7 6.O-O Nf6 7.Nh4 O-O 8.f4 Bg4
9.Nf3 exf4 10.Bxf4 Nd4 11.Qd2 Nxf3+ 12.gxf3 Be6 13.Qg2 Kh8 14.Bxe6 fxe6 15.Qh3 Qd7
16.Bg5 Rf7 17.f4 Raf8 18.f5 exf5 19.Qxf5 Qxf5 20.Rxf5 Ng8 21.Rxf7 Rxf7 22.Be3 Nf6
23.Rf1 Kg8 24.Bg5 Ne8 25.Rxf7  1/2-1/2

[Event "3rd Dato Arthur Tan"]
[Site "Kuala Lumpur MAS"]
[Date "2006.08.25"]
[Round "8"]
[White "Yu Shaoteng"]
[Black "Nguyen Thi Thanh An"]
[Result "1-0"]
[WhiteElo "2542"]
[BlackElo "2312"]

1.e4 c5 2.Nf3 Nc6 3.Nc3 Nf6 4.Bb5 Nd4 5.e5 Nxb5 6.Nxb5 Nd5 7.Ng5 e6 8.Ne4 Qh4
9.d3 Qd8 10.c4 Nb4 11.Bg5 Qa5 12.Nbd6+ Bxd6 13.Nxd6+ Kf8 14.O-O Nc6 15.Qf3 Nxe5
16.Qf4 h6 17.Bh4 f6 18.Bxf6 gxf6 19.Qxf6+ Kg8 20.Qxe5 Rh7 21.f4 Qd8 22.f5 b6
23.f6 Ba6 24.f7+ Kf8 25.Rf6 Qb8 26.Raf1  1-0

[Event "Canadian Closed zt"]
[Site "Toronto CAN"]
[Date "2006.08.25"]
[Round "8"]
[White "Ademi,S"]
[Black "Thavandiran,S"]
[Result "0-1"]
[WhiteElo "2249"]
[BlackElo "2264"]

1.e4 c5 2.Nf3 Nc6 3.Nc3 d6 4.d4 cxd4 5.Nxd4 e5 6.Ndb5 a6 7.Na3 Be7 8.Nd5 Nf6
9.Nxe7 Nxe7 10.Bd3 O-O 11.c4 Be6 12.O-O Nd7 13.b4 a5 14.b5 Nc8 15.Nc2 Ncb6
16.Ne3 Qc7 17.Ba3 Nc5 18.Rc1 Rac8 19.Bb1 Nbd7 20.Qf3 Rfd8 21.Rfd1 Nf6 22.g4 Nfd7
23.Kh1 Nf8 24.Qg3 Ng6 25.Ng2 f6 26.h4 Bf7 27.h5 Nf8 28.Ne3 h6 29.f4 exf4
30.Qxf4 Nfe6 31.Qh2 Ng5 32.Nd5 Bxd5 33.exd5 Re8 34.Re1 Re5 35.Rxe5 fxe5 36.Rf1 Nd7
37.Bf5 Rf8 38.Qc2 Kh8 39.Bc1 Qd8 40.Qe2 Nc5 41.Qg2 Nge4 42.Be3 Qh4+ 43.Kg1 Ng3
44.Bxc5 dxc5 45.Rd1 Nxf5 46.Rf1 Rf6 47.Rxf5 Rxf5 48.gxf5 Qe1+ 49.Kh2 Qh4+
50.Qh3 Qxc4 51.Qf3 e4 52.Qf4 Qxa2+ 53.Kg3 Qxd5 54.f6 Kg8 55.fxg7 Qg5+ 56.Qxg5 hxg5
57.h6 e3 58.Kf3 a4  0-1

[Event "3rd Dato Arthur Tan"]
[Site "Kuala Lumpur MAS"]
[Date "2006.08.26"]
[Round "9"]
[White "Narayanan,S"]
[Black "Bao Khoa"]
[Result "1/2-1/2"]
[WhiteElo "2166"]
[BlackElo "2093"]

1.e4 c5 2.Nf3 Nc6 3.Nc3 g6 4.d4 cxd4 5.Nxd4 Bg7 6.Be3 Nf6 7.Nxc6 bxc6 8.e5 Ng8
9.f4 Nh6 10.Bd3 O-O 11.O-O d6 12.exd6 exd6 13.h3 Qa5 14.Bd2 Qb6+ 15.Kh2 d5
16.Rb1 Re8 17.Na4 Qd8 18.Bc3 Bxc3 19.Nxc3 Qh4 20.Qd2 Bf5 21.Bxf5 Nxf5 22.Qf2 Qxf2
23.Rxf2 Rab8 24.b3 Re3 25.Na4 h5 26.g4 hxg4 27.hxg4 Nh6 28.Rg1 Kg7 29.Rg3 Re1
30.Nc5 Rh8 31.Kg2 f5 32.gxf5 Nxf5 33.Rh3 Ne3+ 34.Kg3 Re8 35.Nd3 Rg1+ 36.Kh2 Rd1
37.Kg3 Nxc2 38.Ne5 Ne3 39.Kf3 Nf5 40.Rfh2 Rf1+ 41.Kg4 Rg1+ 42.Kf3 Kf6 43.Ng4+ Ke7
44.Re2+ Kd8 45.Rxe8+ Kxe8 46.Ne5 d4 47.Ke4 Re1+ 48.Kd3 Rd1+ 49.Kc2 Rf1 50.Rh7 Rf2+
51.Kd3 Rxa2 52.Nxc6 Ra6 53.Nxa7 Rb6 54.Kc4 d3 55.Kxd3 Rxb3+ 56.Ke4 Re3+ 57.Kd5 Ne7+
58.Kd4 Rf3 59.Ke4 Rb3 60.Ke5 Rb7 61.Ke6 Rb6+ 62.Ke5 Rb7  1/2-1/2

[Event "3rd Dato Arthur Tan"]
[Site "Kuala Lumpur MAS"]
[Date "2006.08.26"]
[Round "10"]
[White "Amrutha,M"]
[Black "Nguyen Quynh Anh"]
[Result "1-0"]
[WhiteElo "2146"]
[BlackElo "2120"]

1.e4 c5 2.Nc3 Nc6 3.Nge2 g6 4.d4 cxd4 5.Nxd4 Bg7 6.Nb3 Nf6 7.Be2 d6 8.O-O O-O
9.Bg5 Bd7 10.Kh1 a6 11.f4 b5 12.Bf3 h6 13.Bh4 Rc8 14.Nd5 Nxd5 15.exd5 Nb8
16.Nd4 Qb6 17.c3 b4 18.Qd2 bxc3 19.bxc3 Rfe8 20.Rae1 Qc5 21.Bxe7 Qxc3 22.Qxc3 Rxc3
23.Bxd6 Rxe1 24.Rxe1 Bxd4 25.Bxb8 Rc2 26.h3 Rxa2 27.Re7 Bb5 28.d6 Bf6 29.Ra7 Rd2
30.Bb7 Bh4 31.Kh2 Rd3 32.Bf3 h5 33.Bc7 Bf2 34.Ra8+ Kg7 35.Ba5 h4 36.Rc8 Bg3+
37.Kg1 Bxf4 38.Bc3+ f6 39.Rc7+ Kg8 40.Bxf6 Bxd6 41.Rc8+ Kf7 42.Bxh4 a5 43.Ra8 Bb4
44.Bg4 Bc5+ 45.Kh1 Ra3 46.Rc8 Ra1+ 47.Kh2 Bg1+ 48.Kg3 Ra3+ 49.Kf4 Bh2+ 50.Kg5 Ra4
51.g3 Be8 52.Rc2 Kf8 53.Kh6 Re4 54.Kh7 Bg1 55.Bg5 Bf7 56.Bh6+ Ke8 57.Rc8+ Ke7
58.Bf8+ Kf6 59.Bg7+ Ke7 60.Bf8+ Kf6 61.Bg7+ Ke7 62.Rc7+ Ke8 63.Bd7+ Kd8 64.Rb7 Bd4
65.Bc6 Re7 66.Bxd4 Rxb7 67.Bxb7  1-0